[Event "Omnia dicta fortiora si dicta Latina."]
[Site "SchemingMind.com"]
[Date "2016.10.07"]
[Round "-"]
[White "smothered mate"]
[Black "Greg Magne"]
[Result "0-1"]
[WhiteCountry "POL"]
[BlackCountry "CAN"]
[WhiteElo "1915"]
[WhiteRD "67"]
[BlackElo "1793"]
[BlackRD "78"]
[GameID "404477"]

1. e4 c5 2. Nf3 d6 3. c3 Nc6 4. d4 cxd4 5. cxd4 Nf6 6. Nc3 Bg4 7. Be2 e6 8. h3 Bh5 9. O-O Be7 10. Be3 O-O
11. Rc1 a6 12. a3 Rc8 13. Qd2 b5 14. Rfd1 Qa5 15. d5 b4 16. Nb1 Nxe4 17. Qe1 exd5 18. Rxc6 Rxc6 19. axb4 Qa2 20. Nd4 Bxe2
21. Nxc6 Bxd1 22. Nxe7+ Kh8 23. Qxd1 Qxb2 24. Nxd5 Rc8 25. Qd3 f5 26. Bd4 Rc1+ 27. Kh2 Qxb1 28. Qxb1 Rxb1 29. Ne7 Rxb4 30. Nxf5 Kg8
31. Bxg7 Nxf2 32. Bd4 Ne4 33. Be3 a5 34. Nd4 a4 35. Nc6 Rb2 36. Bd4 Rc2 37. Ne7+ Kf7 38. Nf5 a3 39. Ne3 Rd2 40. Ba1 a2
0-1

[Event "Omnia dicta fortiora si dicta Latina."]
[Site "SchemingMind.com"]
[Date "2016.10.03"]
[Round "-"]
[White "Greg Magne"]
[Black "tyler_ensor"]
[Result "0-1"]
[WhiteCountry "CAN"]
[BlackCountry "CAN"]
[WhiteElo "1730"]
[WhiteRD "80"]
[BlackElo "1752"]
[BlackRD "73"]
[GameID "404478"]

1. d4 Nf6 2. c4 e6 3. Nc3 d5 4. Bg5 Be7 5. e3 O-O 6. Nf3 Nbd7 7. Bd3 dxc4 8. Bxc4 b6 9. O-O Bb7 10. Re1 c5
11. e4 cxd4 12. Nxd4 Nc5 13. f3 Nfd7 14. Bxe7 Qxe7 15. Rc1 a6 16. Kh1 b5 17. Bb3 Nxb3 18. Qxb3 Rfd8 19. Nce2 Rac8 20. Ng3 Nb6
21. Rc2 Rxc2 22. Nxc2 Qc5 23. h3 Qf2 24. Nf1 Rc8 25. Nce3 Qxe1
0-1

[Event "Omnia dicta fortiora si dicta Latina."]
[Site "SchemingMind.com"]
[Date "2016.10.03"]
[Round "-"]
[White "tyler_ensor"]
[Black "Greg Magne"]
[Result "1-0"]
[WhiteCountry "CAN"]
[BlackCountry "CAN"]
[WhiteElo "1799"]
[WhiteRD "71"]
[BlackElo "1793"]
[BlackRD "78"]
[GameID "404479"]

1. d4 d5 2. c4 e6 3. Nc3 Nf6 4. Bg5 c6 5. e3 Bd6 6. Nf3 Nbd7 7. Rc1 O-O 8. Bd3 dxc4 9. Bxc4 b5 10. Bd3 Bb7
11. O-O a6 12. e4 h6 13. Bxf6 gxf6 14. Re1 c5 15. Qe2 cxd4 16. Nxd4 Ne5 17. Bb1 Kg7 18. Nf3 Rg8 19. Nxe5 Bxe5 20. Red1 Qa5
21. Qe3 Qc7 22. h3 Bf4 23. Nxb5 Qe5 24. Qb6 Bxe4 25. Rc5 Bd5 26. Nc7 Kh8 27. Nxd5 exd5 28. Rcxd5 Qe2 29. Qxf6+ Rg7 30. Rd8+ Rxd8
31. Rxd8+
1-0

[Event "Omnia dicta fortiora si dicta Latina."]
[Site "SchemingMind.com"]
[Date "2016.10.03"]
[Round "-"]
[White "Greg Magne"]
[Black "emvarela"]
[Result "0-1"]
[WhiteCountry "CAN"]
[BlackCountry "ARG"]
[WhiteElo "1727"]
[WhiteRD "80"]
[BlackElo "1712"]
[BlackRD "55"]
[GameID "404480"]

1. e4 e5 2. Nf3 Nc6 3. Bb5 a6 4. Ba4 Nf6 5. O-O b5 6. Bb3 Bc5 7. Nxe5 Nxe5 8. d4 Bxd4 9. Qxd4 d6 10. Bg5 h6
11. Bh4 g5 12. Bg3 c5 13. Qe3 c4 14. Nd2 cxb3 15. axb3 Qc7 16. c3 Bb7 17. h3 Ke7 18. f4 gxf4 19. Qxf4 Nfd7 20. Nf3 Nd3
21. Bh4+ f6 22. Qf5 Qc5+ 23. Nd4 Qxf5 24. Rxf5 Bxe4 25. Rff1 Rhg8
0-1

[Event "Omnia dicta fortiora si dicta Latina."]
[Site "SchemingMind.com"]
[Date "2016.10.03"]
[Round "-"]
[White "emvarela"]
[Black "Greg Magne"]
[Result "0-1"]
[WhiteCountry "ARG"]
[BlackCountry "CAN"]
[WhiteElo "1720"]
[WhiteRD "56"]
[BlackElo "1793"]
[BlackRD "78"]
[GameID "404481"]

1. e4 e5 2. Nf3 Nc6 3. Bb5 a6 4. Bxc6 dxc6 5. O-O Bg4 6. h3 Bh5 7. g4 Bg6 8. d3 Nf6 9. Nxe5 Bd6 10. Nxg6 hxg6
11. Qf3 Qe7 12. Kg2 Nh7 13. Nc3 Ng5 14. Bxg5 Qxg5 15. Rh1 f6 16. Rae1 O-O-O 17. a3 Kb8 18. Qe3 Bf4 19. Qf3 Rdf8 20. Ne2 Bd6
21. Qe3 Qb5 22. b4 f5 23. Nd4 Qa4 24. exf5 gxf5 25. Nxf5 g6 26. Nxd6 cxd6 27. d4 Qxc2 28. Re2 Qc4 29. Qe6 Qxd4 30. Rhe1 Qf4
31. Qe3 Qf7 32. Qg3 Rd8 33. Re6 Ka7 34. Qe3+ Ka8 35. Re7 Qd5+ 36. Kh2 Rdf8 37. f4 Rh4 38. Re8+ Rxe8 39. Qxe8+ Ka7 40. Qe3+ Kb8
41. Qf2 Rh8 42. Re2 g5 43. f5 Qc4 44. f6 Qxg4 45. Re3 Qd7 46. Qg3 g4 47. h4 Qf5 48. Qxd6+ Ka8 49. Kg3 Qh5 50. Qe7 Qxh4+
51. Kg2 Qh1+
0-1

[Event "Omnia dicta fortiora si dicta Latina."]
[Site "SchemingMind.com"]
[Date "2016.10.03"]
[Round "-"]
[White "Greg Magne"]
[Black "Scooter"]
[Result "1-0"]
[WhiteCountry "CAN"]
[BlackCountry "USA"]
[WhiteElo "1812"]
[WhiteRD "86"]
[BlackElo "1735"]
[BlackRD "56"]
[GameID "404482"]

1. d4 d5 2. c4 Nf6 3. cxd5 Nxd5 4. e4 Nf6 5. Nc3 e6 6. f4 c6 7. Nf3 Bb4 8. Bd3 O-O 9. O-O Bxc3 10. bxc3 Nbd7
11. h3 c5 12. Ba3 b6 13. e5 Nd5 14. Qd2 Re8 15. c4 Nc7 16. Be4 Rb8 17. d5 exd5 18. cxd5 Nf8 19. Rad1 Bb7 20. Rfe1 Ng6
21. Kh2 Nh4 22. Ng5 h6 23. Nxf7 Kxf7 24. Qf2 Bxd5 25. Bxd5+ Nxd5 26. Rxd5 Qe7 27. f5 Qg5 28. f6 gxf6 29. e6+
1-0

[Event "Omnia dicta fortiora si dicta Latina."]
[Site "SchemingMind.com"]
[Date "2016.10.03"]
[Round "-"]
[White "Scooter"]
[Black "Greg Magne"]
[Result "0-1"]
[WhiteCountry "USA"]
[BlackCountry "CAN"]
[WhiteElo "1735"]
[WhiteRD "56"]
[BlackElo "1812"]
[BlackRD "86"]
[GameID "404483"]

1. d4 d5 2. Nf3 e6 3. Bf4 c5 4. e3 Nc6 5. c3 Bd6 6. Bxd6 Qxd6 7. Bb5 Ne7 8. O-O a6 9. Bd3 O-O 10. Nbd2 b5
11. dxc5 Qxc5 12. Bxh7+ Kxh7 13. Ng5+ Kg6 14. Qg4 e5 15. Ne6+ Kf6 16. Qxg7+ Kxe6 17. Qxf8 Bb7 18. Qh6+ Ng6 19. Qh3+ Ke7 20. Rfd1 Rh8
21. Qg4 Nd8 22. Qb4 Ne6 23. Qxc5+ Nxc5 24. Nb3 Ne4 25. f3 Ng5 26. Nc5 Bc8 27. Rxd5 f6 28. Rad1 Nh4 29. Rd6 Nhxf3+ 30. gxf3 Nxf3+
31. Kg2 Ng5 32. Nxa6 Bh3+ 33. Kh1 Nf3 34. Rb6 Rg8 35. Rb7+ Ke6 36. Nc5+ Kf5 37. e4+ Kf4 38. Nd3+ Ke3
0-1

[Event "Omnia dicta fortiora si dicta Latina."]
[Site "SchemingMind.com"]
[Date "2016.10.04"]
[Round "-"]
[White "Greg Magne"]
[Black "milu"]
[Result "1-0"]
[WhiteCountry "CAN"]
[BlackCountry "ESP"]
[WhiteElo "1793"]
[WhiteRD "78"]
[BlackElo "1481"]
[BlackRD "77"]
[GameID "404484"]

1. e4 e5 2. Nf3 d6 3. d4 exd4 4. Nxd4 Nf6 5. Nc3 Be7 6. Be2 O-O 7. Bg5 h6 8. O-O hxg5 9. Qd2 Nh7 10. h3 Nc6
11. Nd5 Bf6 12. c3 Re8 13. f3 Be6 14. Rad1 Bxd5 15. exd5 Nxd4 16. cxd4 a5 17. Bb5 Rf8 18. Rfe1 Qb8 19. Bd3 Bxd4+ 20. Kh1 Be5
21. Bxh7+ Kxh7 22. Qxg5 Bxb2 23. Re4 Rh8 24. Re7 Bf6 25. Qh5+ Kg8 26. Qxf7+ Kh7 27. Rxc7 Qf8 28. Qh5+ Kg8 29. Qf5 b5 30. Rdc1 Bd8
31. Qe6+ Kh7 32. Rd7 Qf6 33. Qe4+ Qg6 34. Qe2
1-0

[Event "Omnia dicta fortiora si dicta Latina."]
[Site "SchemingMind.com"]
[Date "2016.10.07"]
[Round "-"]
[White "milu"]
[Black "Greg Magne"]
[Result "0-1"]
[WhiteCountry "ESP"]
[BlackCountry "CAN"]
[WhiteElo "1576"]
[WhiteRD "81"]
[BlackElo "1727"]
[BlackRD "77"]
[GameID "404485"]

1. e4 c5 2. f4 Nc6 3. Nf3 e6 4. Nc3 d5 5. Bb5 a6 6. Bxc6+ bxc6 7. exd5 cxd5 8. d3 Bd6 9. O-O Nf6 10. Ne5 Qc7
11. Ng4 Bb7 12. Nxf6+ gxf6 13. Qg4 Ke7 14. Ne2 Rag8 15. Qh4 Rg7 16. Rf3 Rhg8 17. Rg3 d4 18. Rxg7 Rxg7 19. Ng3 Qc6 20. Qh3 Rg6
21. Bd2 Rh6 22. Nh5 Rxh5 23. Qg4 Rh6 24. Rf1 Rg6 25. Qh3 Rxg2+ 26. Kh1 Rxd2+ 27. Kg1 Qh1#
0-1

[Event "Omnia dicta fortiora si dicta Latina."]
[Site "SchemingMind.com"]
[Date "2016.10.03"]
[Round "-"]
[White "Greg Magne"]
[Black "JAHI"]
[Result "1-0"]
[WhiteCountry "CAN"]
[BlackCountry "INT"]
[WhiteElo "1812"]
[WhiteRD "78"]
[BlackElo "2099"]
[BlackRD "66"]
[GameID "404486"]

1. d4 g6 2. c4 Bg7 3. Nf3 c6 4. Nc3 a6 5. e4 a5 6. Bd3 b6 7. Bg5 f6 8. Be3 Na6 9. a3 Nc7 10. O-O Ba6
11. b4 b5 12. c5 axb4 13. axb4 Nh6 14. Rc1 Nf7 15. Bc2 Bb7 16. Bb3 e6 17. d5 Qc8 18. d6 Na6 19. Na2 Qd8 20. Bd2 Ne5
21. Nxe5 fxe5 22. Qg4 Kf7 23. f4 Re8 24. f5 Kg8 25. fxg6 Rf8 26. gxh7+ Kh8 27. Bc3 Bh6 28. Bxe5+ Kxh7 29. Bf4 Bxf4 30. Rxf4 Rxf4
31. Qxf4 Qf8 32. Qh4+ Qh6 33. Qxh6+ Kxh6 34. Rf1 Nb8 35. Rb1 Kg5 36. Nc3 Kf4 37. Kf2 Ke5 38. Ke3 Kf6 39. Kf4 Na6 40. Bd1 e5+
41. Kg4 Kg7 42. Bf3 Nb8 43. Kf5 Ra3 44. Ne2 Ra8 45. Kxe5 Na6 46. Kd4 Kf7 47. h4 Kg7 48. h5 Kf7 49. e5 Kg7 50. Ke4 Nb8
51. Nd4 Ra4 52. e6 dxe6 53. Nxe6+ Kg8 54. Nd8 Bc8 55. Ke5 Bd7 56. Kf6 Ra3 57. h6 Re3 58. Ra1 Be8 59. Ra8 Nd7+ 60. Kg5 Re5+
61. Kf4 Re1 62. Nxc6 Kh7 63. Ne7 Nf6 64. Kg5 Bd7 65. c6 Bg4 66. Bxg4 Ne4+ 67. Kf4 Nxd6 68. Nf5 Re4+ 69. Kf3 Rc4 70. Nxd6 Rc1
71. Bd7 Kg6 72. Nxb5 Kxh6 73. c7 Rf1+ 74. Kg4 Rc1 75. c8=Q Rxc8 76. Rxc8 Kg6 77. Nd4 Kf6 78. Nc6 Kg6 79. b5 Kf6 80. b6 Kg6
81. b7 Kf7 82. b8=Q Kg6 83. Rg8+ Kh7 84. Rh8+ Kg6 85. Qg8+ Kf6 86. Rh6#
1-0

[Event "Omnia dicta fortiora si dicta Latina."]
[Site "SchemingMind.com"]
[Date "2016.10.03"]
[Round "-"]
[White "JAHI"]
[Black "Greg Magne"]
[Result "1-0"]
[WhiteCountry "INT"]
[BlackCountry "CAN"]
[WhiteElo "2012"]
[WhiteRD "61"]
[BlackElo "1778"]
[BlackRD "83"]
[GameID "404487"]

1. g3 Nc6 2. Bg2 d5 3. c3 e5 4. a3 f5 5. a4 Be6 6. b3 a5 7. Na3 Nf6 8. Nc2 Bd6 9. Ba3 O-O 10. b4 axb4
11. Nxb4 Qe8 12. Nxc6 bxc6 13. Bxd6 cxd6 14. Nf3 Kh8 15. d3 Qe7 16. Qc2 Ra6 17. e3 Rb8 18. Nd2 Qa7 19. d4 c5 20. dxc5 dxc5
21. Bh3 Ng4 22. c4 d4 23. Bxg4 fxg4 24. exd4 exd4 25. Qd1 Rb4 26. Qe2 h6 27. a5 Rxa5 28. Rxa5 Qxa5 29. Qxe6 Rb1+ 30. Ke2 Rxh1
31. Qe8+ Kh7 32. Qe4+ Kg8 33. Qxh1 Qc3 34. Qd5+ Kh7 35. Qf5+ Kg8 36. Qxc5 d3+ 37. Ke3
1-0

[Event "Omnia dicta fortiora si dicta Latina."]
[Site "SchemingMind.com"]
[Date "2016.10.13"]
[Round "-"]
[White "Greg Magne"]
[Black "JimM"]
[Result "1-0"]
[WhiteCountry "CAN"]
[BlackCountry "USA"]
[WhiteElo "1727"]
[WhiteRD "77"]
[BlackElo "1671"]
[BlackRD "79"]
[GameID "404953"]

1. d4 Nf6 2. c4 g6 3. Nc3 Bg7 4. e4 d6 5. f4 O-O 6. Nf3 c5 7. e5 cxd4 8. exf6 Bxf6 9. Nxd4 Qb6 10. Be3 Qd8
11. Be2 Nc6 12. Qd2 Bh4+ 13. g3 Bf6 14. O-O-O Bd7 15. h4 e6 16. h5 Ne7 17. hxg6 fxg6 18. Bd3 Nf5 19. Nxf5 exf5 20. c5 Bc6
21. cxd6 Bxh1 22. Rxh1 Kh8 23. Bc4 Rc8 24. Qh2 h5 25. Be6 Rc6 26. Bxf5 Bxc3 27. Bxg6 Bf6+ 28. Kb1 h4 29. g4 Rxd6 30. Bc2 Re8
31. Bc1 Kg7 32. g5 Rh8 33. gxf6+ Qxf6 34. b3 Qd8 35. Bb2+ Kf7 36. Bxh8 Qxh8 37. f5 Rc6 38. Qxh4 Qc3 39. Qh7+ Kf6 40. Rh6+ Kg5
41. Rxc6 Qxc6 42. Qg6+ Qxg6 43. fxg6 Kf6 44. Kb2 Ke7 45. Kc3
1-0

[Event "Omnia dicta fortiora si dicta Latina."]
[Site "SchemingMind.com"]
[Date "2016.10.13"]
[Round "-"]
[White "JimM"]
[Black "Greg Magne"]
[Result "1-0"]
[WhiteCountry "USA"]
[BlackCountry "CAN"]
[WhiteElo "1716"]
[WhiteRD "79"]
[BlackElo "1778"]
[BlackRD "83"]
[GameID "404954"]

1. e4 c5 2. Nf3 d6 3. d4 cxd4 4. Nxd4 Nf6 5. Nc3 a6 6. Be3 e5 7. Nb3 b5 8. f3 Bb7 9. Qd2 Nbd7 10. O-O-O Be7
11. g4 h6 12. h4 Qc7 13. Bg2 O-O-O 14. g5 Nh5 15. Nd5 Nc5 16. Nxc7
1-0

[Event "Omnia dicta fortiora si dicta Latina."]
[Site "SchemingMind.com"]
[Date "2016.10.17"]
[Round "-"]
[White "smothered mate"]
[Black "JimM"]
[Result "1-0"]
[WhiteCountry "POL"]
[BlackCountry "USA"]
[WhiteElo "1915"]
[WhiteRD "67"]
[BlackElo "1668"]
[BlackRD "80"]
[GameID "404955"]

1. e4 c5 2. Nf3 e6 3. b4 Nf6 4. e5 Nd5 5. bxc5 Bxc5 6. Be2 Nc6 7. O-O Nf4 8. Bc4 Ng6 9. d4 Bb6 10. Ba3 Nce7
11. h4 O-O 12. h5 Nf4 13. Nc3 Nxh5 14. g4 Nf4 15. Qd2 Neg6 16. Bxf8 Kxf8 17. Ne4 Ba5 18. Qe3 h6 19. Nd6 a6 20. a4 b6
21. Kh2 Rb8 22. Qe4 Qc7 23. d5 Bb7 24. Nxb7 Qxb7 25. Rfd1 Nxd5 26. Bxd5 exd5 27. Qxd5 Qxd5 28. Rxd5 Ke7 29. Rad1 Rd8 30. Nd4 Bc3
31. Nf5+ Ke6 32. Nxg7+
1-0

[Event "Omnia dicta fortiora si dicta Latina."]
[Site "SchemingMind.com"]
[Date "2016.10.17"]
[Round "-"]
[White "JimM"]
[Black "smothered mate"]
[Result "1-0"]
[WhiteCountry "USA"]
[BlackCountry "POL"]
[WhiteElo "1649"]
[WhiteRD "79"]
[BlackElo "1941"]
[BlackRD "72"]
[GameID "404956"]

1. e4 e6 2. Bb5 c6 3. Ba4 d5 4. e5 Nd7 5. d4 f6 6. Nf3 fxe5 7. dxe5 Bc5 8. O-O Ne7 9. c3 O-O 10. Bc2 Nf5
11. b4 Bb6 12. Bf4 a5 13. Ng5 Nxe5 14. Qh5 h6 15. Bxe5 hxg5 16. g4 Nh6 17. Qg6
1-0

[Event "Omnia dicta fortiora si dicta Latina."]
[Site "SchemingMind.com"]
[Date "2016.10.14"]
[Round "-"]
[White "tyler_ensor"]
[Black "JimM"]
[Result "1-0"]
[WhiteCountry "CAN"]
[BlackCountry "USA"]
[WhiteElo "1752"]
[WhiteRD "73"]
[BlackElo "1649"]
[BlackRD "79"]
[GameID "404957"]

1. d4 Nf6 2. c4 g6 3. Nc3 Bg7 4. Nf3 O-O 5. g3 d6 6. Bg2 Nbd7 7. O-O e5 8. e4 c6 9. b3 d5 10. dxe5 Nh5
11. exd5 Nxe5 12. Nxe5 Bxe5 13. Bb2 cxd5 14. Qxd5 Qf6 15. Qd2 Rd8 16. Nd5 Qg7 17. Ne7+
1-0

[Event "Omnia dicta fortiora si dicta Latina."]
[Site "SchemingMind.com"]
[Date "2016.10.13"]
[Round "-"]
[White "JimM"]
[Black "tyler_ensor"]
[Result "1-0"]
[WhiteCountry "USA"]
[BlackCountry "CAN"]
[WhiteElo "1649"]
[WhiteRD "79"]
[BlackElo "1752"]
[BlackRD "73"]
[GameID "404958"]

1. e4 d5 2. exd5 Qxd5 3. Nc3 Qa5 4. d4 Nf6 5. Bc4 c6 6. Nf3 Bf5 7. Bd2 e6 8. Nd5 Qd8 9. Ne3 Bg6 10. Ne5 Nbd7
11. Nxg6 hxg6 12. Qf3 Bd6 13. O-O-O Rxh2 14. Rxh2 Bxh2 15. g3
1-0

[Event "Omnia dicta fortiora si dicta Latina."]
[Site "SchemingMind.com"]
[Date "2016.10.15"]
[Round "-"]
[White "emvarela"]
[Black "JimM"]
[Result "1-0"]
[WhiteCountry "ARG"]
[BlackCountry "USA"]
[WhiteElo "1724"]
[WhiteRD "55"]
[BlackElo "1649"]
[BlackRD "79"]
[GameID "404959"]

1. e4 Nc6 2. d4 e5 3. d5 Nce7 4. c4 Nf6 5. Nc3 Ng6 6. Bg5 Be7 7. Bxf6 Bxf6 8. Nf3 O-O 9. Be2 Nf4 10. O-O d6
11. Bd3 Nxd3 12. Qxd3 a6 13. b4 Bd7 14. a4 h6 15. c5 Be7 16. cxd6 Bxd6 17. b5 a5 18. Ne2 c6 19. dxc6 bxc6 20. Qxd6 cxb5
21. Nxe5 Re8 22. Qxd7 Qxd7 23. Nxd7 Rxe4 24. Nb6 Ra6 25. Nc3 Rd4 26. Nxb5 Re4 27. Nd5 Kh7 28. Nbc3 Rg4 29. h3 Rg5 30. Ne3 f5
31. Ncd5 Ra7 32. f4 Rg6 33. Nxf5 Re6 34. Rfe1
1-0

[Event "Omnia dicta fortiora si dicta Latina."]
[Site "SchemingMind.com"]
[Date "2016.10.14"]
[Round "-"]
[White "JimM"]
[Black "emvarela"]
[Result "0-1"]
[WhiteCountry "USA"]
[BlackCountry "ARG"]
[WhiteElo "1649"]
[WhiteRD "79"]
[BlackElo "1724"]
[BlackRD "55"]
[GameID "404960"]

1. e4 e5 2. Nf3 Nc6 3. Bb5 a6 4. Ba4 Nf6 5. O-O Be7 6. Re1 b5 7. Bb3 O-O 8. c3 d5 9. exd5 Nxd5 10. Nxe5 Nxe5
11. Rxe5 c6 12. d4 Bd6 13. Re1 Qh4 14. g3 Qh3 15. Re4 Nf6 16. Rh4 Qd7 17. Be3 Bb7 18. Bc2 c5 19. Nd2 Rae8 20. Bg5 Qc6
21. f3 cxd4 22. Bxf6 gxf6 23. Bxh7+ Kg7 24. Be4 Qb6 25. cxd4 Qxd4+ 26. Kg2 Bxe4 27. Nxe4 Qxb2+ 28. Kh3 Be5 29. f4 Rg8 30. fxe5 Qxe5
31. Qg4+ Kf8 32. Rh8 Rxh8+ 33. Kg2 Qxe4+ 34. Qxe4 Rxe4 35. Rf1 Re2+
0-1

[Event "Omnia dicta fortiora si dicta Latina."]
[Site "SchemingMind.com"]
[Date "2016.10.12"]
[Round "-"]
[White "Scooter"]
[Black "JimM"]
[Result "1-0"]
[WhiteCountry "USA"]
[BlackCountry "USA"]
[WhiteElo "1738"]
[WhiteRD "54"]
[BlackElo "1671"]
[BlackRD "79"]
[GameID "404961"]

1. d4 Nf6 2. Nf3 g6 3. Bf4 Bg7 4. e3 O-O 5. Be2 d6 6. O-O c5 7. c3 Nbd7 8. Nbd2 Nb6 9. h3 Nbd5 10. Bg3 Bf5
11. Nh4 Bd7 12. Nhf3 Bc6 13. Qc2 cxd4 14. exd4 b5 15. Rfe1 Nh5 16. Bh2 Nhf4 17. Bxf4 Nxf4 18. Bd3 Nxd3 19. Qxd3 a5 20. d5 Bd7
21. Nd4 b4 22. c4 e5 23. N4b3 Bf5 24. Ne4 Rc8 25. g4 Bd7 26. Nxd6 Rb8 27. Ne4 Re8 28. Nec5 Bc8 29. Ne4 f5 30. gxf5 Bxf5
31. c5 Bh6 32. c6 Qh4 33. d6 Bxe4 34. Rxe4 Bf4 35. d7 Rf8 36. c7 Qg5+ 37. Kf1 Bh2 38. Rg4 Qf6 39. Rg2 e4 40. Qd5+ Qf7
41. Qxf7+ Kxf7 42. d8=Q Bxc7 43. Qxc7+
1-0

[Event "Omnia dicta fortiora si dicta Latina."]
[Site "SchemingMind.com"]
[Date "2016.10.12"]
[Round "-"]
[White "JimM"]
[Black "Scooter"]
[Result "1-0"]
[WhiteCountry "USA"]
[BlackCountry "USA"]
[WhiteElo "1716"]
[WhiteRD "79"]
[BlackElo "1693"]
[BlackRD "56"]
[GameID "404962"]

1. e4 c6 2. c4 d5 3. exd5 cxd5 4. d4 Nf6 5. Nf3 g6 6. Nc3 Bg7 7. cxd5 Nxd5 8. Be2 O-O 9. O-O Bg4 10. h3 Bxf3
11. Bxf3 e6 12. Qb3 Bxd4 13. Nxd5 exd5 14. Qxb7 Nd7 15. Qxd5 Nb6 16. Qb3 Rb8 17. Be3 Bxe3 18. Qxe3 Nc4 19. Qxa7 Rxb2 20. a4 Nd2
21. Rfd1 Nxf3+ 22. gxf3 Qg5+ 23. Kh2 Qf4+ 24. Kg2 Re8 25. Re1 Rxe1 26. Rxe1 Ra2 27. Re4 Qg5+ 28. Rg4 Qd5 29. Re4 Qg5+ 30. Kf1 Ra1+
31. Re1 Qb5+ 32. axb5 Rxa7 33. Ke2 Rb7 34. Rb1 f5 35. Kd3 Kf7 36. Kd4 Ke6 37. Kc5 Ke5 38. b6 Kf4 39. Rb3 Kg5 40. Kc6
1-0

[Event "Omnia dicta fortiora si dicta Latina."]
[Site "SchemingMind.com"]
[Date "2016.10.17"]
[Round "-"]
[White "JimM"]
[Black "milu"]
[Result "1-0"]
[WhiteCountry "USA"]
[BlackCountry "ESP"]
[WhiteElo "1668"]
[WhiteRD "80"]
[BlackElo "1481"]
[BlackRD "77"]
[GameID "404963"]

1. e4 e5 2. Nf3 d6 3. d4 Bg4 4. dxe5 Bxf3 5. Qxf3 dxe5 6. Bc4 Nf6 7. Qb3 Qd7 8. Qxb7 Qc6 9. Bb5 Qxb5 10. Qxb5+ Nbd7
11. O-O Nxe4 12. Qb7 Rd8 13. Qxe4 Bd6 14. Nc3 O-O 15. Bg5 Rde8 16. Nb5 Nc5 17. Qd5 Ne6 18. Be3 a6 19. Nxd6 cxd6 20. Qxd6 a5
21. a3 Nd8 22. Rfe1 Re6 23. Qd3 Nc6 24. Qc3 h6 25. Rad1 Rb8 26. Rd5 f6 27. Qc4 Rxb2 28. Rd7
1-0

[Event "Omnia dicta fortiora si dicta Latina."]
[Site "SchemingMind.com"]
[Date "2016.10.17"]
[Round "-"]
[White "milu"]
[Black "JimM"]
[Result "0-1"]
[WhiteCountry "ESP"]
[BlackCountry "USA"]
[WhiteElo "1481"]
[WhiteRD "77"]
[BlackElo "1668"]
[BlackRD "80"]
[GameID "404964"]

1. e4 c5 2. f4 d5 3. e5 e6 4. Nf3 Nc6 5. Bb5 Bd7 6. O-O a6 7. Bxc6 Bxc6 8. d4 cxd4 9. Nxd4 Bc5 10. c3 Ne7
11. Be3 Nf5 12. Nxc6 Bxe3+ 13. Kh1 bxc6 14. Qe2 Qh4 15. Qe1 Qxe1 16. Rxe1 Bxf4 17. Na3 O-O 18. g3 Bg5 19. Nc2 c5 20. a4 Be7
21. a5 Rab8 22. Reb1 Bd8 23. Ne1 Rb5 24. b4 cxb4 25. cxb4 Bc7 26. Nf3 Rfb8 27. Ra4 Ne7 28. Nd4 R5b7
0-1

[Event "Omnia dicta fortiora si dicta Latina."]
[Site "SchemingMind.com"]
[Date "2016.10.13"]
[Round "-"]
[White "JimM"]
[Black "JAHI"]
[Result "0-1"]
[WhiteCountry "USA"]
[BlackCountry "INT"]
[WhiteElo "1649"]
[WhiteRD "79"]
[BlackElo "2062"]
[BlackRD "61"]
[GameID "404965"]

1. e4 g6 2. d4 Bg7 3. Nc3 c6 4. Bc4 a6 5. Nf3 a5 6. Ng5 e6 7. Nf3 b6 8. e5 b5 9. Bd3 a4 10. Ne4 Kf8
11. Nd6 Na6 12. Ng5 Nh6 13. Qf3 f6 14. Nge4 f5 15. Bg5 Qb6 16. c3 Nb4 17. cxb4 Qxd4 18. O-O Ng4 19. Nxc8 Nxe5 20. Be7+ Kg8
21. Qg3 fxe4 22. Bc5 Qxd3 23. Ne7+ Kf7 24. Qf4+ Bf6 25. Rad1 g5 26. Qc1 Qc4
0-1

[Event "Omnia dicta fortiora si dicta Latina."]
[Site "SchemingMind.com"]
[Date "2016.10.14"]
[Round "-"]
[White "JAHI"]
[Black "JimM"]
[Result "1-0"]
[WhiteCountry "INT"]
[BlackCountry "USA"]
[WhiteElo "2062"]
[WhiteRD "61"]
[BlackElo "1649"]
[BlackRD "79"]
[GameID "404966"]

1. g3 e5 2. Bg2 Nf6 3. c3 g6 4. a3 Bg7 5. a4 O-O 6. b3 d6 7. Na3 c6 8. b4 d5 9. a5 Nbd7 10. Qa4 b6
11. Qxc6 Rb8 12. Nf3 Bb7 13. Qa4 bxa5 14. Qxa5 Qxa5 15. bxa5 Ba6 16. Nc2 Ne4 17. Ba3 Rfc8 18. Nb4 Ndc5 19. Nxd5 Rd8 20. Ne7+ Kh8
21. Nc6 Nb3 22. Rd1 Bh6 23. e3 Bd3 24. Nfxe5 Bc2 25. Nxf7+ Kg7 26. Nfxd8 Rb5 27. Ne6+ Kf6 28. Ned4 Nxd4 29. Nxd4 Bxd1 30. Nxb5 Bc2
31. Nxa7
1-0

[Event "Omnia dicta fortiora si dicta Latina."]
[Site "SchemingMind.com"]
[Date "2016.10.15"]
[Round "-"]
[White "Greg Magne"]
[Black "John Hamer"]
[Result "0-1"]
[WhiteCountry "CAN"]
[BlackCountry "ENG"]
[WhiteElo "1778"]
[WhiteRD "83"]
[BlackElo "1963"]
[BlackRD "71"]
[GameID "405157"]

1. e4 e5 2. Nf3 Nc6 3. Bb5 Nf6 4. O-O Nxe4 5. d4 Nd6 6. Bxc6 bxc6 7. dxe5 Nb7 8. Nc3 Nc5 9. Re1 Be7 10. Qd4 Ne6
11. Qg4 O-O 12. b3 Re8 13. Bb2 Nc5 14. Rad1 d6 15. Qh5 Be6 16. exd6 cxd6 17. Ne4 Bd5 18. Neg5 Bxg5 19. Nxg5 Rxe1+ 20. Rxe1 h6
21. Nf3 Qd7 22. Nd4 Be4 23. Qh4 Bd5 24. Qg3 Ne4 25. Rxe4 Bxe4 26. Nf5 f6 27. Nxh6+ Kf8 28. Ng4 Rb8 29. h4 c5 30. Bxf6 Re8
31. Bc3 Qe6 32. Ne3 Qh6 33. Ng4 Qg6 34. f3 Bf5 35. h5 Qe6 36. Nf2 Qh6 37. Nh3 Qc1+ 38. Kh2 Qh6 39. Qh4 Bxc2 40. Nf4 g5
0-1

[Event "Omnia dicta fortiora si dicta Latina."]
[Site "SchemingMind.com"]
[Date "2016.10.15"]
[Round "-"]
[White "John Hamer"]
[Black "Greg Magne"]
[Result "1-0"]
[WhiteCountry "ENG"]
[BlackCountry "CAN"]
[WhiteElo "1963"]
[WhiteRD "71"]
[BlackElo "1778"]
[BlackRD "83"]
[GameID "405158"]

1. c4 Nf6 2. Nf3 Nc6 3. d4 e6 4. Nc3 d5 5. Bf4 Bd6 6. Bxd6 Qxd6 7. e3 O-O 8. c5 Qe7 9. Bd3 e5 10. Be2 e4
11. Nd2 b6 12. Nb3 Bb7 13. O-O Nd8 14. Rc1 Ne6 15. c6 Bxc6 16. Nxe4 Bb7 17. Nxf6+ Qxf6 18. Bd3 Rac8 19. Rc3 c5 20. dxc5 bxc5
21. Qc2 g6 22. Na5 Ba8 23. Rc1 Qg5 24. Ba6 d4 25. f4 Qg4 26. h3 Qh4 27. Bxc8 Rxc8 28. exd4 Nxf4 29. Rf1 Nxg2 30. Qf2 Qg5
31. Qxf7+ Kh8 32. Rxc5 Qe3+ 33. Kh2 Re8 34. Qf6+ Kg8 35. d5 Nh4 36. Qf7+ Kh8 37. Nc4 Qe2+ 38. Rf2 Qe4 39. Qf6+ Kg8 40. Rc7 Bxd5
41. Qg7#
1-0

[Event "Omnia dicta fortiora si dicta Latina."]
[Site "SchemingMind.com"]
[Date "2016.10.20"]
[Round "-"]
[White "smothered mate"]
[Black "John Hamer"]
[Result "1-0"]
[WhiteCountry "POL"]
[BlackCountry "ENG"]
[WhiteElo "1915"]
[WhiteRD "67"]
[BlackElo "1983"]
[BlackRD "71"]
[GameID "405159"]

1. e4 c6 2. d4 d5 3. Nc3 g6 4. h3 Bg7 5. Nf3 Nf6 6. Bd3 dxe4 7. Nxe4 Nxe4 8. Bxe4 Nd7 9. O-O O-O 10. Bg5 h6
11. Be3 Nf6 12. Bd3 Qb6 13. Qd2 Bf5 14. Bxf5 gxf5 15. Bxh6 Ne4 16. Qf4 e6 17. Bxg7 Kxg7 18. g4 Qd8 19. gxf5 exf5 20. Qxf5 Re8
21. Rae1 Nd6 22. Qg4+ Kf8 23. Ne5 Re7 24. Qh4 Re6 25. Qh7 Ke7 26. Kh1 Rc8 27. f4 Qg8 28. Qh4+ Ke8 29. f5 Re7= 30. Ng6
1-0